00537nam a22001457a 4500008004100000020001500041050002500056245017200081260004300253300002300296440002200319700001900341700001600360700001500376140822b xxu||||| |||| 00| 0 eng d a0406092508 aKD275.4.L39(1970 AC) aThe Law Reports, Appeal Cases(1970): House of Lords and Judicial Committee of the Privy Council and Peerage Cases. /cedited by R.H. Graveson, C.J. Ellis and A.H. Bray aLondon:bButterworth & Co. Ltd,c1970. axii, 1170p.c24cm. pAppeal cases 1970 aGraveson, R.H. aEllis, C.J. aBray, A.H.